Statistics for Trace the Niger River's Route

Click here to take the quiz!

General Stats

  • This quiz has been taken 73 times
  • The average score is 5 of 6

Answer Stats

Answer% Correct
Niger
97%
Nigeria
84%
Mali
80%
Benin
72%
Guinea
59%
Sierra Leone
58%

Score Distribution

Percentile by Number Answered

Percent of People with Each Score

Your Score History

You have not taken this quiz